Normal view
MARC view
Entry Personal Name
001 - CONTROL NUMBER
- control field: 18644
003 - CONTROL NUMBER IDENTIFIER
- control field: BD-DhEWU
005 - DATE AND TIME OF LATEST TRANSACTION
- control field: 20141020122342.0
008 - FIXED-LENGTH DATA ELEMENTS
- fixed length control field: 141020|| aca||aabn | a|a d
040 ## - CATALOGING SOURCE
- Original cataloging agency: BD-DhEWU
- Transcribing agency: BD-DhEWU
100 ## - HEADING--PERSONAL NAME
- Personal name: হক, মাসুদুল
- Miscellaneous information: Masudul Haque
670 ## - SOURCE DATA FOUND
- Source citation: Work cat.: (BD-DhEWU): হক, মাসুদুল Masudul Haque, রবীন্দ্রনাথঃ ছেলেবেলা /, 2011.